[Event "18th Rubinstein Memorial"]
[Site "Polanica Zdroj POL"]
[Date "1980.08.06"]
[Round "1"]
[White "Boehm, Hans"]
[Black "Vilela de Acuna, Jose Luis"]
[WhiteElo "2430"]
[BlackElo "2328"]
[Result "1/2-1/2"]
[EventDate "1980.08.06"]
[PlyCount "148"]
1. d4 Nf6 2. c4 e6 3. Nc3 Bb4 4. Qc2 c5 5. dxc5 O-O 6. Bg5 Na6 7. a3 Bxc3+ 8. Qxc3 Nxc5 9. Bxf6 Qxf6 10. Qxf6 gxf6 11. g3 a5 12. Bg2 Ra6 13. Nf3 Rb6 14. Rb1 a4 15. Nd2 d6 16. Ne4 f5 17. Nxc5 dxc5 18. e3 Rd8 19. Ke2 Kf8 20. Rhd1 Rxd1 21. Kxd1 Bd7 22. Kc2 Ke7 23. Rd1 Bc6 24. Bxc6 Rxc6 25. Rd3 Ra6 26. b3 axb3+ 27. Rxb3 b6 28. Kb2 Kd7 29. Rd3+ Ke7 30. Rb3 Kd7 31. f3 Ke7 32. Rd3 Ra4 33. Rc3 Kd6 34. Kc2 Kc6 35. Kb3 Ra7 36. Rd3 b5 37. cxb5+ Kxb5 38. Rc3 c4+ 39. Kb2 Kc5 40. Kc1 Rd7 41. Kc2 Rd8 42. e4 fxe4 43. fxe4 Kd4 44. a4 Ra8 45. Ra3 Kxe4 46. Kc3 Kd5 47. a5 Kc5 48. Ra4 Kb5 49. Rb4+ Kxa5 50. Rb7 Rf8 51. Kxc4 Ka6 52. Re7 Kb6 53. Kd4 Rd8+ 54. Ke3 Rd5 55. Rxf7 Rh5 56. h4 Kc6 57. Kf4 e5+ 58. Ke4 Kd6 59. Ra7 Ke6 60. Ra6+ Kf7 61. Rb6 Kg7 62. Re6 Kf7 63. Ra6 Kg7 64. Ra1 Rh6 65. Kxe5 Rb6 66. Ra5 Rb3 67. Kf4 Rb6 68. g4 Rc6 69. h5 Rb6 70. Kf5 Rb8 71. Ra7+ Kg8 72. Ra6 Kg7 73. h6+ Kg8 74. g5 Rc8 1/2-1/2

[Event "18th Rubinstein Memorial"]
[Site "Polanica Zdroj POL"]
[Date "1980.08.06"]
[Round "1"]
[White "Pokojowczyk, Jerzy"]
[Black "Klovans, Janis"]
[WhiteElo "2380"]
[BlackElo "2490"]
[Result "1-0"]
[EventDate "1980.08.06"]
[PlyCount "81"]
1. e4 e5 2. Nf3 Nc6 3. Bb5 a6 4. Bxc6 dxc6 5. O-O f6 6. d4 Bg4 7. dxe5 Qxd1 8. Rxd1 fxe5 9. Rd3 Bd6 10. Nbd2 b5 11. h3 Be6 12. b3 Ne7 13. Ng5 Bd7 14. Rf3 c5 15. Nf7 Rf8 16. Nxd6+ cxd6 17. Rd3 Rf6 18. Nf1 Rg6 19. h4 Nc6 20. h5 Re6 21. Ne3 Nd4 22. f3 b4 23. Kf2 Bb5 24. Rd2 Rc8 25. Bb2 Rh6 26. a3 bxa3 27. Rxa3 Rxh5 28. c3 Ne6 29. Rxd6 Ke7 30. Rd1 c4 31. bxc4 Bxc4 32. Nxc4 Rxc4 33. Rxa6 Nf4 34. Ba3+ Ke8 35. Ra8+ Kf7 36. Rf8+ Kg6 37. Rd6+ Kg5 38. Rf5+ Kh4 39. g3+ Kh3 40. Rd1 Kh2 41. gxf4 1-0

[Event "18th Rubinstein Memorial"]
[Site "Polanica Zdroj POL"]
[Date "1980.08.06"]
[Round "1"]
[White "Spasov, Luben"]
[Black "Barczay, Laszlo"]
[WhiteElo "2450"]
[BlackElo "2450"]
[Result "1-0"]
[EventDate "1980.08.06"]
[PlyCount "97"]
1. Nf3 Nf6 2. c4 g6 3. Nc3 Bg7 4. e4 d6 5. d4 O-O 6. Be2 e5 7. O-O Qe7 8. Re1 Bg4 9. d5 Nbd7 10. Bd2 Nh5 11. g3 f5 12. Ng5 Bxe2 13. Qxe2 f4 14. Ne6 Rfc8 15. Qg4 Bh6 16. Rad1 Nc5 17. Bc1 Nxe6 18. dxe6 Ng7 19. Nd5 Qxe6 20. Qxe6+ Nxe6 21. Ne7+ Kf7 22. Nxc8 Rxc8 23. gxf4 Bxf4 24. Bxf4 Nxf4 25. c5 Ke7 26. cxd6+ cxd6 27. Rd2 Rc6 28. f3 a5 29. Re3 b5 30. Rc3 Rxc3 31. bxc3 Kd7 32. a4 bxa4 33. Ra2 Kc6 34. Rxa4 Kb5 35. Ra2 a4 36. Kf2 Nd3+ 37. Ke3 Nc5 38. Kd2 g5 39. Kc2 h5 40. Ra1 Ne6 41. Rb1+ Kc6 42. Rb4 a3 43. Ra4 g4 44. Kd2 gxf3 45. Rxa3 Ng5 46. Ke3 f2 47. Ra1 Nh3 48. Ke2 d5 49. Ra5 1-0

[Event "18th Rubinstein Memorial"]
[Site "Polanica Zdroj POL"]
[Date "1980.08.07"]
[Round "2"]
[White "Bielczyk, Jacek"]
[Black "Spasov, Luben"]
[WhiteElo "2380"]
[BlackElo "2450"]
[Result "1/2-1/2"]
[EventDate "1980.08.06"]
[PlyCount "61"]
1. e4 c5 2. Nf3 d6 3. d4 cxd4 4. Nxd4 Nf6 5. Nc3 a6 6. f4 e5 7. Nf3 Nbd7 8. a4 Qc7 9. Bd3 Be7 10. O-O O-O 11. Qe2 exf4 12. Bxf4 Ne5 13. Kh1 Bg4 14. Qf2 Nxf3 15. gxf3 Be6 16. Rg1 Kh8 17. Bg5 Ng8 18. Qh4 g6 19. Rg3 Bxg5 20. Rxg5 Qd8 21. Qf4 Qf6 22. Qe3 Rae8 23. Rag1 Ne7 24. R5g3 Nc6 25. Qh6 Ne7 26. Qe3 Bd7 27. Qh6 Bc6 28. Bc4 Qg7 29. Qxg7+ Kxg7 30. Rd1 f5 31. Kg1 1/2-1/2

[Event "18th Rubinstein Memorial"]
[Site "Polanica Zdroj POL"]
[Date "1980.08.07"]
[Round "2"]
[White "Klovans, Janis"]
[Black "Vogt, Lothar"]
[WhiteElo "2490"]
[BlackElo "2510"]
[Result "1/2-1/2"]
[EventDate "1980.08.06"]
[PlyCount "84"]
1. e4 c5 2. Nf3 e6 3. d4 cxd4 4. Nxd4 Nf6 5. Nc3 d6 6. Be2 Be7 7. O-O O-O 8. f4 Nc6 9. Be3 e5 10. Nb3 exf4 11. Bxf4 Be6 12. Kh1 d5 13. e5 Nd7 14. Nxd5 Ndxe5 15. c4 Bg5 16. Nc5 Bxf4 17. Rxf4 Ng6 18. Rf1 Qg5 19. Bf3 Nce5 20. Qd4 Rad8 21. Rad1 b6 22. Ne4 Qh4 23. g3 Qh6 24. Ne7+ Nxe7 25. Qxe5 Rxd1 26. Rxd1 Nf5 27. b3 Ne3 28. Re1 Ng4 29. Qb2 Rd8 30. Qe2 Ne5 31. Rd1 Rf8 32. Nc3 Qf6 33. Rf1 Nxf3 34. Qxf3 Qxf3+ 35. Rxf3 Rd8 36. Kg2 Rd2+ 37. Rf2 Bh3+ 38. Kg1 Rd3 39. Rc2 g6 40. Nd5 Rf3 41. Rf2 Rd3 42. Rc2 Rf3 1/2-1/2

[Event "18th Rubinstein Memorial"]
[Site "Polanica Zdroj POL"]
[Date "1980.08.07"]
[Round "2"]
[White "Pokojowczyk, Jerzy"]
[Black "Boehm, Hans"]
[WhiteElo "2380"]
[BlackElo "2430"]
[Result "1-0"]
[EventDate "1980.08.06"]
[PlyCount "53"]
1. e4 e5 2. Nf3 Nc6 3. Bb5 a6 4. Ba4 Nf6 5. O-O Nxe4 6. d4 b5 7. Bb3 d5 8. dxe5 Be6 9. Nbd2 Nc5 10. c3 d4 11. Ng5 Qxg5 12. Qf3 Kd7 13. Bd5 Bxd5 14. Qxd5+ Bd6 15. Nc4 Qg6 16. exd6 Nd3 17. Nd2 cxd6 18. cxd4 Nf4 19. Qf3 Nxd4 20. Qb7+ Ke6 21. Nb3 Nde2+ 22. Kh1 Rab8 23. Qf3 Qd3 24. Be3 f5 25. Rfe1 Kd7 26. Rad1 Qc4 27. Bxf4 1-0

[Event "18th Rubinstein Memorial"]
[Site "Polanica Zdroj POL"]
[Date "1980.08.07"]
[Round "2"]
[White "Przewoznik, Jan"]
[Black "Tomaszewski, Roman"]
[WhiteElo "2340"]
[BlackElo "2365"]
[Result "1-0"]
[EventDate "1980.08.06"]
[PlyCount "73"]
1. e4 Nf6 2. e5 Nd5 3. d4 d6 4. Nf3 Bg4 5. Be2 e6 6. O-O Be7 7. c4 Nb6 8. Nc3 O-O 9. b3 a5 10. h3 Bh5 11. exd6 cxd6 12. Bf4 d5 13. Nb5 Bxf3 14. Bxf3 Na6 15. Qd2 Bb4 16. Qe2 Be7 17. Rac1 Bg5 18. Bxg5 Qxg5 19. Nd6 Ra7 20. c5 Nc8 21. Nxb7 Nb4 22. Qb5 Nxa2 23. Ra1 Qd2 24. c6 a4 25. Rfd1 Qb4 26. bxa4 Qxa4 27. Qc5 Qb4 28. Nd6 Qb8 29. Nb5 Ra5 30. Be2 Qa8 31. Rd2 Nb4 32. Rc1 Ra1 33. Rxa1 Qxa1+ 34. Rd1 Qa5 35. Qc3 Qa2 36. Kf1 Nc2 37. Bd3 1-0

[Event "18th Rubinstein Memorial"]
[Site "Polanica Zdroj POL"]
[Date "1980.08.07"]
[Round "2"]
[White "Schmidt, Wlodzimierz"]
[Black "Plachetka, Jan"]
[WhiteElo "2430"]
[BlackElo "2480"]
[Result "1/2-1/2"]
[EventDate "1980.08.06"]
[PlyCount "26"]
1. d4 Nf6 2. c4 e6 3. Nf3 b6 4. g3 Ba6 5. Nbd2 c5 6. e4 cxd4 7. e5 Ng8 8. Bg2 Nc6 9. O-O Nge7 10. Qa4 Bb7 11. Nxd4 Nxd4 12. Bxb7 Nef5 13. Re1 h5 1/2-1/2

[Event "18th Rubinstein Memorial"]
[Site "Polanica Zdroj POL"]
[Date "1980.08.08"]
[Round "3"]
[White "Boehm, Hans"]
[Black "Klovans, Janis"]
[WhiteElo "2430"]
[BlackElo "2490"]
[Result "1/2-1/2"]
[EventDate "1980.08.06"]
[PlyCount "81"]
1. d4 Nf6 2. c4 e6 3. Nc3 d5 4. cxd5 exd5 5. Bg5 Be7 6. Qc2 O-O 7. e3 Nbd7 8. Bd3 b6 9. Nge2 c5 10. O-O Bb7 11. Rfd1 c4 12. Bf5 a6 13. a4 h6 14. Bh4 Ne8 15. Bxe7 Qxe7 16. e4 dxe4 17. Bxe4 Ndf6 18. Bxb7 Qxb7 19. d5 Nd6 20. Nd4 b5 21. axb5 axb5 22. Rxa8 Rxa8 23. Nf5 Nxf5 24. Qxf5 b4 25. Ne4 Nxe4 26. Qxe4 c3 27. bxc3 bxc3 28. h4 Rc8 29. Qc2 Qb2 30. Rc1 Qxc2 31. Rxc2 Kf8 32. Kf1 Ke7 33. Ke2 Kd6 34. Kd3 Kxd5 35. Rxc3 Rxc3+ 36. Kxc3 Ke4 37. Kc4 h5 38. Kc5 Kd3 39. Kd6 Ke2 40. f4 Kf2 41. Ke7 1/2-1/2

[Event "18th Rubinstein Memorial"]
[Site "Polanica Zdroj POL"]
[Date "1980.08.08"]
[Round "3"]
[White "Luczak, Andrzej"]
[Black "Pokojowczyk, Jerzy"]
[WhiteElo "2430"]
[BlackElo "2380"]
[Result "1/2-1/2"]
[EventDate "1980.08.06"]
[PlyCount "67"]
1. d4 Nf6 2. c4 e6 3. Nf3 c5 4. Nc3 cxd4 5. Nxd4 Bb4 6. Ndb5 d5 7. Bf4 O-O 8. Qb3 Na6 9. e3 Ne4 10. a3 Bxc3+ 11. Nxc3 Nd2 12. Qa2 Nxf1 13. Rxf1 dxc4 14. Qxc4 Re8 15. Rd1 Qb6 16. Qb5 Qxb5 17. Nxb5 f6 18. Nc7 Nxc7 19. Bxc7 b6 20. f3 Ba6 21. Rf2 Rac8 22. Bd6 Bb5 23. Bb4 Ba4 24. Ra1 Red8 25. Rd2 Rxd2 26. Bxd2 Rc2 27. b4 Rb2 28. Rc1 Ra2 29. Rc8+ Kf7 30. Rc7+ Kg6 31. Rxa7 Rxa3 32. Ra6 Ra1+ 33. Kf2 Ra2 34. Ke1 1/2-1/2

[Event "18th Rubinstein Memorial"]
[Site "Polanica Zdroj POL"]
[Date "1980.08.08"]
[Round "3"]
[White "Plachetka, Jan"]
[Black "Przewoznik, Jan"]
[WhiteElo "2480"]
[BlackElo "2340"]
[Result "0-1"]
[EventDate "1980.08.06"]
[PlyCount "82"]
1. d4 Nf6 2. c4 e6 3. Nf3 c5 4. d5 b5 5. Bg5 Qa5+ 6. Bd2 Qb6 7. Nc3 bxc4 8. e4 Ba6 9. Qc2 exd5 10. e5 Qe6 11. O-O-O Ne4 12. Nxe4 dxe4 13. Qxe4 d5 14. Bg5 h6 15. Rxd5 hxg5 16. Nxg5 Qg6 17. Qg4 Be7 18. f4 Bxg5 19. fxg5 O-O 20. Rd6 Bc8 21. Qh4 Qh7 22. Qxc4 Bf5 23. Qf4 Nd7 24. Bb5 Nb6 25. Rf1 Be6 26. Bd3 Qh5 27. Qe4 c4 28. Bc2 Qxg5+ 29. Kb1 g6 30. h4 Qh5 31. Qd4 Qe2 32. Rf6 Qe1+ 33. Bd1 Bf5+ 34. Kc1 c3 35. bxc3 Rac8 36. Rc6 Rcd8 37. Rcd6 Rxd6 38. Rxd6 Rc8 39. Rd8+ Rxd8 40. Qxd8+ Kh7 41. Qd4 Qe4 0-1

[Event "18th Rubinstein Memorial"]
[Site "Polanica Zdroj POL"]
[Date "1980.08.08"]
[Round "3"]
[White "Spasov, Luben"]
[Black "Vilela de Acuna, Jose Luis"]
[WhiteElo "2450"]
[BlackElo "2328"]
[Result "1/2-1/2"]
[EventDate "1980.08.06"]
[PlyCount "49"]
1. Nf3 Nf6 2. c4 b6 3. Nc3 Bb7 4. d4 e6 5. a3 d5 6. cxd5 Nxd5 7. e3 Nd7 8. Bd3 Be7 9. e4 Nxc3 10. bxc3 c5 11. O-O cxd4 12. cxd4 O-O 13. Qe2 Rc8 14. Bd2 Nb8 15. Rfd1 Nc6 16. Qe3 Rc7 17. Bb1 Rd7 18. Bc3 Bf6 19. Ba2 Re8 20. Rac1 a6 21. a4 g6 22. h3 Bg7 23. Bb3 Na5 24. Ba2 b5 25. axb5 1/2-1/2

[Event "18th Rubinstein Memorial"]
[Site "Polanica Zdroj POL"]
[Date "1980.08.08"]
[Round "3"]
[White "Tomaszewski, Roman"]
[Black "Barczay, Laszlo"]
[WhiteElo "2365"]
[BlackElo "2450"]
[Result "1-0"]
[EventDate "1980.08.06"]
[PlyCount "125"]
1. d4 Nf6 2. c4 g6 3. Nc3 Bg7 4. Nf3 O-O 5. g3 d6 6. Bg2 Nbd7 7. O-O e5 8. e4 c6 9. h3 a5 10. Be3 exd4 11. Nxd4 Re8 12. Re1 a4 13. Qc2 Qa5 14. Rad1 Qb4 15. Nb1 Nc5 16. Bd2 Qb6 17. Bc3 Bd7 18. Nd2 Na6 19. Ne2 Nb4 20. Qb1 d5 21. a3 Na6 22. e5 Bf5 23. Qc1 Ne4 24. Nxe4 Bxe4 25. Nf4 Bxg2 26. Kxg2 Nc7 27. cxd5 Nxd5 28. Nxd5 cxd5 29. Qf4 Qe6 30. Qb4 Qc6 31. Bd4 Rac8 32. Rc1 Qd7 33. Qd6 Qe6 34. Rc7 Rxc7 35. Qxc7 b5 36. Qb7 Rc8 37. Qxb5 Rc4 38. Rd1 h5 39. Bc3 Bxe5 40. Bxe5 Qxe5 41. Qxd5 Qxd5+ 42. Rxd5 Kf8 43. Kf3 h4 44. Ke3 Rc1 45. gxh4 Rb1 46. Rb5 Kg7 47. Rb4 Kh6 48. Kd2 f5 49. Kc2 Rf1 50. Rf4 Kh5 51. b4 axb3+ 52. Kxb3 Rh1 53. a4 Rxh3+ 54. Kb4 g5 55. Rxf5 Rxh4+ 56. Kb5 Kg6 57. Rf3 g4 58. Rf8 Rh1 59. f3 Rh5+ 60. Kb4 Kg7 61. Rf4 gxf3 62. Rxf3 Re5 63. Rf4 1-0

[Event "18th Rubinstein Memorial"]
[Site "Polanica Zdroj POL"]
[Date "1980.08.08"]
[Round "3"]
[White "Vogt, Lothar"]
[Black "Schmidt, Wlodzimierz"]
[WhiteElo "2510"]
[BlackElo "2430"]
[Result "0-1"]
[EventDate "1980.08.06"]
[PlyCount "86"]
1. e4 Nf6 2. e5 Nd5 3. d4 d6 4. Nf3 Bg4 5. Be2 e6 6. O-O Be7 7. c4 Nb6 8. exd6 cxd6 9. Nbd2 Nc6 10. b3 O-O 11. Bb2 d5 12. c5 Nd7 13. a3 a6 14. b4 Qc7 15. Rc1 Bf6 16. Nb3 Rfd8 17. Ne1 Bxe2 18. Qxe2 e5 19. Nc2 e4 20. a4 Nf8 21. b5 Ne7 22. Bc3 axb5 23. axb5 Ne6 24. Ba5 Rxa5 25. b6 Qd7 26. Nxa5 Bxd4 27. Nxd4 Nxd4 28. Qd2 Nec6 29. Nxc6 Nxc6 30. Qf4 h6 31. h3 Qe7 32. Rfe1 Re8 33. Qd6 d4 34. Qxe7 Rxe7 35. Kf1 f5 36. Ke2 Kf7 37. g4 f4 38. Kd2 Kf6 39. f3 e3+ 40. Kd3 Ke5 41. Kc4 Rd7 42. Kd3 Kd5 43. Ke2 Ne5 0-1

[Event "18th Rubinstein Memorial"]
[Site "Polanica Zdroj POL"]
[Date "1980.08.09"]
[Round "4"]
[White "Bielczyk, Jacek"]
[Black "Tomaszewski, Roman"]
[WhiteElo "2380"]
[BlackElo "2365"]
[Result "1-0"]
[EventDate "1980.08.06"]
[PlyCount "77"]
1. e4 Nf6 2. e5 Nd5 3. d4 d6 4. Nf3 Bg4 5. c4 Nb6 6. Be2 e6 7. O-O Be7 8. h3 Bh5 9. Nc3 O-O 10. exd6 cxd6 11. Bf4 a6 12. Rc1 Bxf3 13. Bxf3 Nxc4 14. b3 Nb6 15. Bxb7 Ra7 16. Be4 d5 17. Bd3 Bg5 18. Qd2 h6 19. Ne2 Bxf4 20. Qxf4 a5 21. a4 Na6 22. Bxa6 Rxa6 23. Rc6 Qb8 24. Rfc1 Ra7 25. R1c5 Nd7 26. Rb5 Qa8 27. Qc1 Rb7 28. Rc7 Rxb5 29. axb5 Nb6 30. Qc5 Qb8 31. Nc3 Na8 32. Rc6 Qf4 33. Na4 Qd2 34. b6 Qe1+ 35. Kh2 Qxf2 36. b7 Qf4+ 37. Kg1 Qe3+ 38. Kh1 Qxb3 39. Qxf8+ 1-0

[Event "18th Rubinstein Memorial"]
[Site "Polanica Zdroj POL"]
[Date "1980.08.09"]
[Round "4"]
[White "Klovans, Janis"]
[Black "Schmidt, Wlodzimierz"]
[WhiteElo "2490"]
[BlackElo "2430"]
[Result "1-0"]
[EventDate "1980.08.06"]
[PlyCount "57"]
1. e4 Nf6 2. e5 Nd5 3. d4 d6 4. Nf3 Bg4 5. Be2 e6 6. O-O Be7 7. c4 Nb6 8. exd6 cxd6 9. Nbd2 Nc6 10. b3 O-O 11. Bb2 d5 12. c5 Nd7 13. a3 a6 14. b4 Qc7 15. Rb1 b6 16. Nb3 Bf6 17. Rc1 bxc5 18. Nxc5 Nxc5 19. Rxc5 Bxf3 20. Bxf3 Qb6 21. Qd3 Be7 22. Qc3 Rfc8 23. Rc1 Na7 24. Be2 f6 25. Qg3 Rc6 26. Rxc6 Nxc6 27. Qc3 Rc8 28. Qe3 Kf7 29. Qd3 1-0

[Event "18th Rubinstein Memorial"]
[Site "Polanica Zdroj POL"]
[Date "1980.08.09"]
[Round "4"]
[White "Pokojowczyk, Jerzy"]
[Black "Spasov, Luben"]
[WhiteElo "2380"]
[BlackElo "2450"]
[Result "0-1"]
[EventDate "1980.08.06"]
[PlyCount "82"]
1. e4 c5 2. Nf3 d6 3. d4 cxd4 4. Nxd4 Nf6 5. Nc3 a6 6. Bg5 Nc6 7. Qd2 e6 8. O-O-O h6 9. Be3 Nxd4 10. Bxd4 b5 11. f4 Bb7 12. e5 dxe5 13. fxe5 Ne4 14. Nxe4 Bxe4 15. Kb1 Be7 16. Bd3 Bxd3 17. Qxd3 O-O 18. h4 Rc8 19. g4 Bxh4 20. Qh3 Bg5 21. Be3 Qe7 22. Rd6 Bxe3 23. Qxe3 Rc4 24. Rg1 Qh4 25. Qe2 Rfc8 26. c3 a5 27. a3 b4 28. axb4 axb4 29. Rd4 Rxd4 30. cxd4 Qd8 31. Qd3 Qd5 32. Rc1 Ra8 33. Rc4 b3 34. Qxb3 Qh1+ 35. Kc2 Qg2+ 36. Kc3 Qf3+ 37. Kc2 Qxg4 38. Qb7 Qe2+ 39. Kc3 Ra1 40. Qb5 Kh7 41. Qc5 Rb1 0-1

[Event "18th Rubinstein Memorial"]
[Site "Polanica Zdroj POL"]
[Date "1980.08.09"]
[Round "4"]
[White "Przewoznik, Jan"]
[Black "Vogt, Lothar"]
[WhiteElo "2340"]
[BlackElo "2510"]
[Result "1/2-1/2"]
[EventDate "1980.08.06"]
[PlyCount "37"]
1. e4 c5 2. Nf3 e6 3. c3 Nf6 4. e5 Nd5 5. d4 cxd4 6. Qxd4 Nc6 7. Qe4 f5 8. exf6 Nxf6 9. Qh4 Qc7 10. Nbd2 Ne5 11. Nxe5 Qxe5+ 12. Be2 b6 13. Nf3 Qe4 14. Qxe4 Nxe4 15. Nd4 Bc5 16. Bf3 Bb7 17. Be3 O-O-O 18. O-O Nf6 19. Bxb7+ 1/2-1/2

[Event "18th Rubinstein Memorial"]
[Site "Polanica Zdroj POL"]
[Date "1980.08.10"]
[Round "5"]
[White "Schmidt, Wlodzimierz"]
[Black "Przewoznik, Jan"]
[WhiteElo "2430"]
[BlackElo "2340"]
[Result "1-0"]
[EventDate "1980.08.06"]
[PlyCount "67"]
1. Nf3 Nf6 2. c4 e6 3. Nc3 Bb4 4. Qc2 O-O 5. e3 b6 6. Be2 Bb7 7. O-O d5 8. b3 dxc4 9. bxc4 Nbd7 10. Bb2 a6 11. Rfd1 Bd6 12. d4 Qe7 13. a4 c5 14. d5 exd5 15. Nxd5 Nxd5 16. cxd5 Rfe8 17. Rab1 Bc7 18. Bc4 Nf6 19. Ng5 Bxh2+ 20. Kh1 Ne4 21. Nxe4 Qh4 22. Ng5 Bd6+ 23. Nh3 Bc8 24. Bf1 g5 25. Kg1 Bxh3 26. gxh3 g4 27. Qf5 gxh3 28. Qxh3 Qxa4 29. Qg2+ Kf8 30. Bf6 Re4 31. Qg7+ Ke8 32. Bh3 Bf8 33. Qg3 Rb4 34. d6 1-0

[Event "18th Rubinstein Memorial"]
[Site "Polanica Zdroj POL"]
[Date "1980.08.10"]
[Round "5"]
[White "Tomaszewski, Roman"]
[Black "Vilela de Acuna, Jose Luis"]
[WhiteElo "2365"]
[BlackElo "2328"]
[Result "1-0"]
[EventDate "1980.08.06"]
[PlyCount "79"]
1. c4 e6 2. Nf3 Nf6 3. d4 c5 4. d5 exd5 5. cxd5 d6 6. Nc3 g6 7. e4 Bg7 8. Bg5 h6 9. Bh4 a6 10. Nd2 b5 11. a4 b4 12. Ncb1 Qe7 13. f3 g5 14. Bf2 Nbd7 15. Nc4 Nh5 16. Be2 Nf4 17. O-O O-O 18. Re1 Ne5 19. Nb6 Rb8 20. a5 Qc7 21. Qb3 g4 22. Bg3 Nxe2+ 23. Rxe2 gxf3 24. gxf3 c4 25. Qxb4 Nxf3+ 26. Kh1 Ne5 27. Nd2 Kh7 28. Ndxc4 Rxb6 29. Nxb6 Bg4 30. Re3 f5 31. exf5 Bxf5 32. Bxe5 Bxe5 33. Rxe5 dxe5 34. Qxf8 Qc2 35. Qf7+ Kh8 36. Qf8+ Kh7 37. Qe7+ Kg6 38. Rg1+ Kh5 39. Qxe5 Kh4 40. Qe1+ 1-0

[Event "18th Rubinstein Memorial"]
[Site "Polanica Zdroj POL"]
[Date "1980.08.10"]
[Round "5"]
[White "Vogt, Lothar"]
[Black "Barczay, Laszlo"]
[WhiteElo "2510"]
[BlackElo "2450"]
[Result "1/2-1/2"]
[EventDate "1980.08.06"]
[PlyCount "55"]
1. e4 c5 2. Nf3 d6 3. d4 cxd4 4. Nxd4 Nf6 5. Nc3 a6 6. Be2 e6 7. f4 Qc7 8. O-O Nbd7 9. Bf3 Nb6 10. Kh1 Be7 11. e5 dxe5 12. fxe5 Nfd5 13. Nxd5 Nxd5 14. Bxd5 exd5 15. Qf3 Bc5 16. Qxd5 Bxd4 17. Qxd4 O-O 18. c3 Rd8 19. Qf4 Be6 20. Be3 Bd5 21. Bd4 Re8 22. b3 Re6 23. Rad1 Rae8 24. Kg1 h6 25. Rd2 Rg6 26. h3 b5 27. Kh2 Ree6 28. Rff2 1/2-1/2

[Event "18th Rubinstein Memorial"]
[Site "Polanica Zdroj POL"]
[Date "1980.08.11"]
[Round "6"]
[White "Barczay, Laszlo"]
[Black "Schmidt, Wlodzimierz"]
[WhiteElo "2450"]
[BlackElo "2430"]
[Result "1-0"]
[EventDate "1980.08.06"]
[PlyCount "123"]
1. Nf3 Nf6 2. b3 c5 3. Bb2 e6 4. g3 b6 5. Bg2 Bb7 6. O-O Be7 7. c4 O-O 8. Nc3 d5 9. e3 dxc4 10. bxc4 Nc6 11. Qe2 a6 12. d4 cxd4 13. exd4 Rc8 14. Nd1 Na5 15. Ne3 Qc7 16. Rac1 Qb8 17. d5 exd5 18. Nf5 Bd8 19. Ne5 d4 20. Bxb7 Nxb7 21. Bxd4 Re8 22. Qb2 Re6 23. Rfe1 Nc5 24. Re3 Qc7 25. Rce1 Ncd7 26. Nxd7 Qxd7 27. Rxe6 fxe6 28. Ne3 Rc6 29. Be5 Be7 30. Rd1 Qc8 31. Qe2 Nd7 32. Bb2 Bf6 33. Bxf6 Nxf6 34. Qd3 Kf7 35. Qd4 h6 36. Qf4 Kg8 37. h4 b5 38. cxb5 axb5 39. Kh2 Rc5 40. Rd6 Rc1 41. Rb6 Kh7 42. Qf3 Ra1 43. Rxb5 Rxa2 44. Qd1 Ra8 45. Rb6 e5 46. Qb1+ e4 47. Kg2 Ra6 48. Rb7 Rc6 49. Qb4 Rc5 50. Re7 Rc7 51. Nd5 Rxe7 52. Nxf6+ gxf6 53. Qxe7+ Kg6 54. Qxe4+ f5 55. Qd5 Qe8 56. h5+ Kg5 57. f4+ Kf6 58. Qd6+ Kg7 59. Qe5+ Qxe5 60. fxe5 Kf7 61. Kf3 Ke7 62. Ke3 1-0

[Event "18th Rubinstein Memorial"]
[Site "Polanica Zdroj POL"]
[Date "1980.08.11"]
[Round "6"]
[White "Bielczyk, Jacek"]
[Black "Vogt, Lothar"]
[WhiteElo "2380"]
[BlackElo "2510"]
[Result "1/2-1/2"]
[EventDate "1980.08.06"]
[PlyCount "93"]
1. e4 c5 2. Nf3 e6 3. d4 cxd4 4. Nxd4 Nf6 5. Nc3 d6 6. g3 Be7 7. Bg2 O-O 8. O-O Nc6 9. Re1 Bd7 10. Nxc6 Bxc6 11. a4 a6 12. a5 Nd7 13. Ra2 Rc8 14. Bf4 Ne5 15. Qe2 Qc7 16. Bd2 Bd7 17. Rd1 Nc4 18. Be1 Nxa5 19. Rxa5 Qxa5 20. Nd5 Qd8 21. Ba5 Qe8 22. Nc7 Rxc7 23. Bxc7 Bb5 24. c4 Ba4 25. Rd2 Bb3 26. Bxd6 Bxd6 27. Rxd6 Qc8 28. Bf1 Qc5 29. Rd2 g6 30. Qd3 Ba4 31. Qd6 Qxd6 32. Rxd6 a5 33. e5 Rc8 34. Rb6 Bc6 35. Bg2 Bxg2 36. Kxg2 Rxc4 37. Rxb7 g5 38. Rb5 a4 39. b3 axb3 40. Rxb3 Re4 41. Rb5 g4 42. h3 h5 43. hxg4 hxg4 44. Ra5 Kg7 45. Rb5 Kg6 46. Ra5 Rd4 47. Rb5 1/2-1/2

[Event "18th Rubinstein Memorial"]
[Site "Polanica Zdroj POL"]
[Date "1980.08.11"]
[Round "6"]
[White "Klovans, Janis"]
[Black "Przewoznik, Jan"]
[WhiteElo "2490"]
[BlackElo "2340"]
[Result "1-0"]
[EventDate "1980.08.06"]
[PlyCount "79"]
1. e4 c6 2. d4 d5 3. Nd2 dxe4 4. Nxe4 Nf6 5. Nxf6+ gxf6 6. Ne2 h5 7. Nf4 h4 8. Bc4 Bf5 9. O-O e6 10. Re1 Be7 11. Be3 Nd7 12. Qe2 Qc7 13. Bd3 Bxd3 14. Nxd3 Bd6 15. h3 O-O-O 16. c4 Rdg8 17. c5 Bh2+ 18. Kh1 Rg7 19. Qf3 Rhg8 20. Nf4 Bxf4 21. Bxf4 e5 22. dxe5 fxe5 23. Bh2 f6 24. Rg1 Qa5 25. Qe4 Qxc5 26. Qxh4 Qd5 27. Bg3 f5 28. Rad1 Qxa2 29. Ra1 Qd5 30. Rgd1 Qc5 31. b4 Qb5 32. Rxa7 Kc7 33. Ra5 Qe2 34. Qd4 Re8 35. b5 f4 36. b6+ Nxb6 37. Qd6+ Kc8 38. Rda1 Qa6 39. Rxa6 bxa6 40. Qxc6+ 1-0

[Event "18th Rubinstein Memorial"]
[Site "Polanica Zdroj POL"]
[Date "1980.08.11"]
[Round "6"]
[White "Luczak, Andrzej"]
[Black "Spasov, Luben"]
[WhiteElo "2430"]
[BlackElo "2450"]
[Result "0-1"]
[EventDate "1980.08.06"]
[PlyCount "80"]
1. e4 c5 2. Nf3 d6 3. d4 cxd4 4. Nxd4 Nf6 5. Nc3 a6 6. Bg5 Nc6 7. Qd2 Qb6 8. Nb3 e6 9. O-O-O Qc7 10. f4 Be7 11. Be2 b5 12. Bf3 Bb7 13. Bxf6 gxf6 14. Ne2 Rc8 15. Kb1 Nb8 16. f5 e5 17. Ng3 Nd7 18. Rc1 Bf8 19. Nh5 Ke7 20. h4 Rg8 21. g4 h6 22. Rhg1 Qb6 23. Rge1 Ba8 24. Re3 Kd8 25. Rd1 Rc4 26. Qe1 Be7 27. Ng3 Kc8 28. Rc3 Kb8 29. Rxc4 bxc4 30. Nc1 Nc5 31. c3 Na4 32. Qd2 Ka7 33. Qc2 Rb8 34. b4 Qe3 35. Qxa4 Qxc3 36. a3 Qxf3 37. Nge2 Bxe4+ 38. Kb2 Bc6 39. Qc2 d5 40. Nc3 d4 0-1

[Event "18th Rubinstein Memorial"]
[Site "Polanica Zdroj POL"]
[Date "1980.08.11"]
[Round "6"]
[White "Pokojowczyk, Jerzy"]
[Black "Tomaszewski, Roman"]
[WhiteElo "2380"]
[BlackElo "2365"]
[Result "1-0"]
[EventDate "1980.08.06"]
[PlyCount "135"]
1. e4 Nf6 2. e5 Nd5 3. d4 d6 4. Nf3 Bg4 5. Be2 e6 6. O-O Be7 7. h3 Bh5 8. c4 Nb6 9. Nc3 O-O 10. Be3 d5 11. cxd5 exd5 12. Ne1 Bxe2 13. Qxe2 Qd7 14. f4 f5 15. Rd1 Nc6 16. g4 g6 17. Kh2 Nd8 18. Rg1 Ne6 19. gxf5 Rxf5 20. Qg4 Raf8 21. Ne2 Kh8 22. Nd3 Qa4 23. Ng3 Nc4 24. Nxf5 Rxf5 25. Bf2 Qc2 26. Rg2 Nxb2 27. Nxb2 Qxb2 28. Rdg1 Ng7 29. Bh4 Qb4 30. Bf2 Qb5 31. Be3 Qd3 32. Qe2 Qe4 33. Rf1 Ne6 34. Qf3 Qxf3 35. Rxf3 b6 36. Kg3 c5 37. dxc5 bxc5 38. Rb2 d4 39. Bc1 c4 40. Rb8+ Kg7 41. Re8 Kf7 42. Rc8 c3 43. Rd3 Bb4 44. Rc4 a5 45. Kf3 Ke7 46. Rdxd4 Nxd4+ 47. Rxd4 Ke6 48. a3 Be7 49. Rc4 g5 50. Ke4 gxf4 51. Rc6+ Kd7 52. Rxc3 Rh5 53. Bxf4 Ke6 54. a4 Rh4 55. Rc6+ Kd7 56. Rh6 Rxh6 57. Bxh6 Ke6 58. Bd2 Bd8 59. Be1 Bc7 60. Bc3 Bd8 61. Kf4 Bc7 62. Kg5 Bxe5 63. Bxa5 Bg7 64. Bd2 Kd5 65. Kf5 Bd4 66. Be1 Kc4 67. Ke6 Kb3 68. Kd5 1-0